| 000 | 00000nam 2200000zi 4500 |
| 001 | 9.939961 |
| 003 | CaOODSP |
| 005 | 20240628092458 |
| 006 | m o d f |
| 007 | cr mn||||||||| |
| 008 | 240627t19961996onc ob f000 0 eng d |
| 020 | |a0660164302 |q(print) |
| 040 | |aCaOODSP|beng|erda|cCaOODSP |
| 041 | 0 |aeng|beng|bfre |
| 086 | 1 |aEn49-9/02-4E-PDF |
| 086 | 1 |aEn49-8/2-4E |
| 245 | 00|aCase studies of leading-edge solid waste diversion projects / |cby Resource Integration Systems Ltd. with the assistance of Guilford and Associates. |
| 264 | 1|aOttawa, Ontario : |bEnvironment Canada, Hazardous Waste Branch = Environnement Canada, Direction des déchets dangereux, |c1996. |
| 264 | 4|c©1996 |
| 300 | |a1 online resource (xiv, 138 pages). |
| 336 | |atext|btxt|2rdacontent |
| 337 | |acomputer|bc|2rdamedia |
| 338 | |aonline resource|bcr|2rdacarrier |
| 490 | 1 |aEnvironmental protection series |
| 500 | |aIssued also in French under title: Études de cas de projets d'avant-garde de valorisation des déchets solides. |
| 500 | |a"Volume III of the Perspectives on Solid Waste Management in Canada Series." |
| 500 | |a"For the Waste Treatment Division, Hazardous Waste Branch, Environment Canada." |
| 500 | |a"March 1996, EPS 2/UP/4." |
| 500 | |aDigitized edition from print [produced by Environment and Climate Change Canada]. |
| 504 | |aIncludes bibliographical references (page xiv). |
| 546 | |aIncludes abstracts in English and French. |
| 650 | 0|aRecycling (Waste, etc.)|vCase studies. |
| 650 | 0|aSalvage (Waste, etc.)|vCase studies. |
| 650 | 0|aWaste minimization|vCase studies. |
| 650 | 0|aIncineration|vCase studies. |
| 655 | 7|aCase studies|2lcgft |
| 710 | 1 |aCanada. |bWaste Treatment Division, |eissuing body. |
| 710 | 2 |aResource Integration Systems, Ltd., |econsultant. |
| 710 | 2 |aGuilford and Associates, |econsultant. |
| 775 | 08|tÉtudes de cas de projets d'avant-garde de valorisation des déchets solides / |w(CaOODSP)9.939965 |
| 830 | #0|aEnvironmental protection series reports.|w(CaOODSP)9.851520 |
| 856 | 40|qPDF|s7.73 MB|uhttps://publications.gc.ca/collections/collection_2024/eccc/en49/En49-9-02-4-eng.pdf |